| 000 | 00809nam a2200229 a 4500 | ||
|---|---|---|---|
| 999 |
_c4707 _d4707 |
||
| 001 | 4707 | ||
| 003 | BD-JhCC | ||
| 005 | 20171130115910.0 | ||
| 008 | 171130s1997 b a|||| || | 000 0 be d | ||
| 035 | _a(BD-JhCC)4707 | ||
| 040 |
_aBD-JhCC _dBD-JhCC |
||
| 041 | _aeng | ||
| 082 |
_a355 _bBAS 1997 |
||
| 245 |
_aবেসিক ডিফেন্স সার্ভিসেস এন্ড আই. এস. এস. বি. গাইড / _cক্যাপ্টেন শরীফ, |
||
| 260 |
_aঢাকা : _bগাউছিয়া প্রেস এন্ড পাবলিকেসন্স, _c1997. |
||
| 300 |
_aVerious Pages. : _bill. ; _c27 cm. |
||
| 650 | _aMilitary Science | ||
| 650 | _aISSB BD | ||
| 700 | _aশরীফ, ক্যাপ্টেন | ||
| 942 |
_2ddc _cBK |
||